LIBRARY ONLINE CATALOGUE

Oxford dictionary of humorous quotations / (Record no. 15236)

MARC details
000 -LEADER
fixed length control field 00713cam a22002292 4500
001 - CONTROL NUMBER
control field 0000020329
005 - DATE AND TIME OF LATEST TRANSACTION
control field 20151217161200.0
008 - FIXED-LENGTH DATA ELEMENTS--GENERAL INFORMATION
fixed length control field 110912s xx 000 0 eng d
020 ## - INTERNATIONAL STANDARD BOOK NUMBER
International Standard Book Number 0199234974 :
Terms of availability KES 1,400
040 ## - CATALOGING SOURCE
Original cataloging agency KABU
Transcribing agency KABU
050 #0 - LIBRARY OF CONGRESS CALL NUMBER
Classification number PN6084
Item number .H8O94 2007
245 10 - TITLE STATEMENT
Title Oxford dictionary of humorous quotations /
Statement of responsibility, etc. ed. by Ned Sherrin.
250 ## - EDITION STATEMENT
Edition statement 3rd ed.
260 ## - PUBLICATION, DISTRIBUTION, ETC. (IMPRINT)
Place of publication, distribution, etc. Oxford :
Name of publisher, distributor, etc. OUP,
Date of publication, distribution, etc. 2007.
300 ## - PHYSICAL DESCRIPTION
Extent xxix, 525 p.
650 #0 - SUBJECT ADDED ENTRY--TOPICAL TERM
Topical term or geographic name as entry element Quotations, English
Form subdivision Dictionaries.
-- 0000180499
650 #0 - SUBJECT ADDED ENTRY--TOPICAL TERM
Topical term or geographic name as entry element Wit & humour
Form subdivision Dictionaries.
-- 0000180500
700 1# - ADDED ENTRY--PERSONAL NAME
Personal name Sherrin, Ned.
-- 0000180501
852 1# - LOCATION
-- p1400 KES
908 ## - PUT COMMAND PARAMETER (RLIN)
Put command parameter 110912
950 ## - LOCAL HOLDINGS (RLIN)
-- 1
Holdings
Withdrawn status Lost status Source of classification or shelving scheme Not for loan Home library Current library Date acquired Total Checkouts Full call number Barcode Date last seen Price effective from Koha item type
    Library of Congress Classification Not For Loan Kabarak, Main Campus Kabarak, Main Campus 17/12/2015   PN6084 .H8O94 2007 c.1 21300 17/12/2015 17/12/2015 Reference